000 00343nam a2200157Ia 4500
008 160316s2000 xxu||||| |||| 00| 0 eng d
082 _a333.780000
_bHIN
100 _a
245 _aNandan Kanan Park reopened
250 _a
260 _a
_bHindu
_c2000
300 _a1
_b
_c
365 _b
650 _a1. Zoological park
700 _a
_a
999 _c41181
_d41181